00518cam a22001931 4500001001300000003000400013005001700017008004100034010001700075035002000092040003700112042001200149050001800161100003100179245004500210260003500255300001900290999001500309af 48003305 DLC20260227110901.0890425s1944 be 000 1 dut c aaf 48003305  a(OCoLC)19601005 aCalifornia. Univ. Libr.cCUdDLC apremarc00aPT6407.B5bH41 aBlommaert, Aloìˆs,d1912-10aHeksenjong,broman van mensch en natuur. aBrussel,bJ. Meuwissen,c1944. a183 p.c20 cm. c5509d5509